[Event "Zonal 2.5 2013"]
[Site "Montevideo URU"]
[Date "2013.04.20"]
[Round "3.6"]
[White "Mareco,S"]
[Black "Jodorcovsky,P"]
[Result "1-0"]
[WhiteElo "2580"]
[BlackElo "2165"]

1.Nf3 d5 2.c4 e6 3.d4 c6 4.Nbd2 Nf6 5.e3 c5 6.b3 Nc6 7.Bb2 cxd4 8.exd4 Be7
9.a3 O-O 10.Bd3 b6 11.O-O Bb7 12.Rc1 dxc4 13.bxc4 Rc8 14.Qe2 Rc7 15.Rfd1 Qa8
16.d5 exd5 17.cxd5 Nxd5 18.Qe4  1-0

[Event "ch-POL 2013"]
[Site "Chorzow POL"]
[Date "2013.04.21"]
[Round "9.10"]
[White "Urban,K"]
[Black "Hnydiuk,A"]
[Result "1/2-1/2"]
[WhiteElo "2467"]
[BlackElo "2400"]

1.Nf3 d5 2.c4 c6 3.d4 Nf6 4.cxd5 cxd5 5.Nc3 Nc6 6.Bf4 a6 7.Rc1 Bf5 8.e3 Rc8
9.Bd3 Bxd3 10.Qxd3 e6 11.O-O Be7 12.Bg5 O-O 13.Bxf6 Bxf6 14.Na4 Qd6 15.a3 e5
16.dxe5 Nxe5 17.Nxe5 Bxe5 18.f4 Bf6 19.Nc3 Bxc3 20.Rxc3 Rxc3 21.Qxc3 Re8
22.Rd1 Qe6 23.Kf2 h6 24.Qd4 Rc8 25.Rd2 Rc4 26.Qd3 Qc6 27.Qf5 Qe6 28.Qd3 Qc6
29.h3 Rc1 30.b4 Qf6 31.Qxd5 Qh4+ 32.Kf3 Rf1+ 33.Ke4 Qe1 34.Qa2 Qh4 35.Qd5 Qe1
36.Qd8+ Kh7 37.Qd3 Qa1 38.Kd5+ g6 39.g4 Rc1 40.Ke4 Rc7 41.Rd1 Qa2 42.Rd2 Qa1
43.Rd1 Qa2 44.Rd2 Qa1  1/2-1/2

[Event "TCh-CZE Div1 Vychod 2012-13"]
[Site "Czech Republic CZE"]
[Date "2013.04.21"]
[Round "11.3"]
[White "Zabystrzan,P"]
[Black "Buchnicek,P"]
[Result "1/2-1/2"]
[WhiteElo "2302"]
[BlackElo "2352"]

1.Nf3 d5 2.c4 c6 3.cxd5 cxd5 4.d4 Nf6 5.Nc3 Nc6 6.Bf4 a6 7.a3 Bg4 8.e3 e6
9.Be2 Bd6 10.Bxd6 Qxd6 11.O-O O-O 12.Rc1 b5 13.b4 Rfc8 14.Nd2  1/2-1/2

[Event "TCh-HUN 2012-13"]
[Site "Nagykanizsa HUN"]
[Date "2013.04.21"]
[Round "9"]
[White "Amstadt,A"]
[Black "Berczes,D"]
[Result "0-1"]
[WhiteElo "2271"]
[BlackElo "2528"]

1.Nf3 d5 2.c4 e6 3.e3 Nf6 4.b3 b6 5.Bb2 Bb7 6.d4 Nbd7 7.Bd3 Bd6 8.Nbd2 O-O
9.O-O Ne4 10.Qc2 f5 11.Rac1 Nxd2 12.Nxd2 dxc4 13.Nxc4 Bxh2+ 14.Kxh2 Qh4+
15.Kg1 Bf3 16.e4 Rf6 17.Qd2 Rg6 18.Ne3 Rh6  0-1

[Event "77th ch-BUL 2013"]
[Site "Bankya BUL"]
[Date "2013.04.25"]
[Round "11.5"]
[White "Arnaudov,G"]
[Black "Ninov,N"]
[Result "1-0"]
[WhiteElo "2489"]
[BlackElo "2504"]

1.Nf3 d5 2.c4 e6 3.g3 Nf6 4.Bg2 dxc4 5.Qa4+ Nbd7 6.Qxc4 c5 7.Qc2 Rb8 8.d3 Nd5
9.a3 Bd6 10.b3 Ne5 11.Nbd2 Nxf3+ 12.Nxf3 b6 13.O-O Bb7 14.Bb2 O-O 15.Rad1 Rc8
16.e4 Nc7 17.Qb1 Ne8 18.d4 cxd4 19.Nxd4 Qe7 20.Nb5 Ba6 21.Nxd6 Nxd6 22.Rfe1 Rfd8
23.a4 Nb7 24.Qa1 f6 25.Ba3 Qe8 26.e5 f5 27.Bd6 Nc5 28.Bxc5 Rxc5 29.b4 Rxd1
30.Rxd1 Rc7 31.b5 Bb7 32.Bxb7 Rxb7 33.Rd6 Qe7 34.Qc3 Kf7 35.Qc6 h6 36.Rxe6 Qxe6
37.Qxb7+ Kg8 38.Qxa7 Qxe5 39.Qxb6 Qe1+ 40.Kg2 Qe4+ 41.f3 Qc2+ 42.Qf2 Qxa4
43.Qb2 Qa7 44.b6 Qb7 45.Qa2+ Kh7 46.Qe6 Kh8 47.Qd6 Qa6 48.Qf8+  1-0

[Event "Nakhchivan Open A 2013"]
[Site "Nakhchivan AZE"]
[Date "2013.04.26"]
[Round "5.9"]
[White "Khismatullin,D"]
[Black "Yilmaz,M"]
[Result "1-0"]
[WhiteElo "2640"]
[BlackElo "2531"]

1.Nf3 d5 2.c4 c6 3.e3 Nf6 4.Nc3 g6 5.d4 Bg7 6.Bd3 O-O 7.O-O Bg4 8.h3 Bxf3
9.Qxf3 e6 10.Rd1 Nbd7 11.b3 Re8 12.Bb2 a5 13.Rac1 Qb8 14.Bf1 Qa7 15.g3 Rad8
16.Bg2 Nb6 17.Qe2 Nc8 18.Na4 Nd7 19.Bc3 Nd6 20.Nb2 Qa6 21.Rc2 Ra8 22.Be1 Ne4
23.Nd3 a4 24.b4 Qa7 25.b5 Nd6 26.b6 Qb8 27.c5 Nc4 28.Rxc4 dxc4 29.Nb4 Qc8
30.Qxc4 Nf6 31.e4 Rd8 32.f4 Rd7 33.Bf2 Qd8 34.a3 h5 35.Bf3 Qe7 36.Kg2 Rad8
37.e5 Nd5 38.Nxd5 exd5 39.Qxa4 Bh6 40.h4 Qe8 41.Qc2 Ra8 42.Ra1 f5 43.exf6 Qf7
44.a4 Qxf6 45.a5 Rf7 46.Qd3 Qf5 47.Qe2 Qc8 48.Qd1 Re7 49.Be2 Bg7 50.Bd3 Qe8
51.Qc2 Kh7 52.a6 bxa6 53.Rxa6 Rb8 54.Ra2 Bf6 55.g4 hxg4 56.h5 Kg7 57.Bxg6 Qc8
58.Bf5 Qe8 59.Bxg4 Re4 60.Ra7+ Kh8 61.Qd3 Qg8 62.Kh3 Rf8 63.Bf5 Rxf4 64.Bg3 Rxd4
65.Qe3  1-0

[Event "45th Italian Teams 2013"]
[Site "Bratto ITA"]
[Date "2013.04.27"]
[Round "1"]
[White "Valsecchi,A"]
[Black "Bove,A"]
[Result "0-1"]
[WhiteElo "2429"]
[BlackElo "2358"]

1.Nf3 d5 2.c4 e6 3.g3 Nf6 4.Bg2 dxc4 5.Qa4+ c6 6.Qxc4 b5 7.Qc2 Bb7 8.O-O Nbd7
9.a4 Rc8 10.d3 Be7 11.Rd1 O-O 12.e4 a6 13.h3 c5 14.axb5 axb5 15.Be3 Qc7 16.Nbd2 Rfd8
17.Rdc1 Qb8 18.Ra5 Bc6 19.Rca1 Bd6 20.Nb3 e5 21.Nfd2 Bc7 22.R5a2 Bb6 23.Nc1 Nf8
24.Ra6 Ne6 25.b4 Nd7 26.Qb1 c4 27.Bf1 Bxe3 28.fxe3 Qd6 29.Qb2 Qe7 30.dxc4 Qg5
31.Kf2 Nf6 32.Bg2 bxc4 33.R1a3 Qg6 34.Qc2 Ng5 35.Kg1 Nxh3+ 36.Bxh3 Qxg3+
37.Bg2 Bxe4 38.Nxe4 Nxe4 39.Qe2 Nf2 40.Qxf2 Rd1+ 41.Qf1 Rxf1+ 42.Kxf1 h5
43.Ne2 Qg4 44.Ra8 Rxa8 45.Rxa8+ Kh7 46.e4 Qd7 47.Ra5 f6 48.Rd5 Qa4 49.b5 h4
50.Bf3 Kh6 51.Kg2 Qb3 52.Rd8 Qxb5 53.Rh8+ Kg5 54.Rh5+ Kg6 55.Rxh4 Kf7 56.Rh8 g6
57.Rc8 f5 58.Kg3 Kf6 59.Nc3 Qb3 60.Nd5+ Kg5 61.Kf2 Qc2+ 62.Be2 Qxe4 63.Bxc4 Qd4+
64.Ke2 f4 65.Rc6 e4 66.Bb3 f3+ 67.Ke1 e3 68.Rc2 Qa1+  0-1

[Event "48th Capablanca Open I 2013"]
[Site "Havana CUB"]
[Date "2013.04.27"]
[Round "6.53"]
[White "Lebredo Zaragoitia,G"]
[Black "Romero,N"]
[Result "1-0"]
[WhiteElo "2200"]
[BlackElo "2107"]

1.Nf3 d5 2.c4 c6 3.e3 Nf6 4.b3 Bf5 5.Bb2 h6 6.Nc3 e6 7.Be2 Bd6 8.O-O Nbd7
9.d3 O-O 10.Re1 Qe7 11.Bf1 e5 12.e4 dxe4 13.dxe4 Bg6 14.Nh4 Bc5 15.Qf3 Bh5
16.Qg3 Ng4 17.Nd1 Qf6 18.h3 Nh2 19.Kxh2 Bxd1 20.Rexd1 Bxf2 21.Qf3 Qxh4 22.Rxd7 Rad8
23.Rad1 Bd4 24.Rxd8 Rxd8 25.Bxd4  1-0

[Event "TCh-CZE Extraliga 2012-13"]
[Site "Czech Republic CZE"]
[Date "2013.04.28"]
[Round "11.7"]
[White "Jirovsky,M"]
[Black "Sluka,R"]
[Result "1-0"]
[WhiteElo "2453"]
[BlackElo "2292"]

1.Nf3 d5 2.c4 c6 3.e3 e6 4.d4 f5 5.Bd3 Nf6 6.h3 Ne4 7.O-O Bd6 8.b3 O-O 9.Ba3 Bxa3
10.Nxa3 Nd7 11.b4 b6 12.cxd5 exd5 13.Qb3 Bb7 14.Nb1 a5 15.Nc3 axb4 16.Qxb4 Qf6
17.Qb3 Kh8 18.a4 Ba6 19.Bxa6 Rxa6 20.Rfc1 f4 21.Nxe4 dxe4 22.Nd2 f3 23.Nxe4 Qg6
24.Ng3 fxg2 25.Qc4 b5 26.axb5 cxb5 27.Rxa6 Qxa6 28.Qd5 Nf6 29.Qc5 Rb8 30.Qe7 b4
31.Rc7 Rg8 32.Rb7 Nd5 33.Qf7 Qc4 34.Kxg2 Qc6 35.Kg1 Qc1+ 36.Kg2 Qc6 37.Kh2 Nf6
38.Rxb4 h5 39.d5 Qd6 40.Rf4 Rf8 41.Qxg7+ Kxg7 42.Nf5+ Kg6 43.Nxd6 Rd8 44.Nb5 Rxd5
45.Nd4 Ra5 46.Kg2 Ra2 47.Kg3 Ra1 48.Kh4 Ra2 49.Nc6 Ra6 50.Ne7+ Kg7 51.Kg5 Nh7+
52.Kh4 Nf6 53.Nf5+ Kg6 54.Ng3 Nd5 55.Rf5 Ra4+ 56.f4 Nxe3 57.Rg5+ Kh6 58.Rxh5+ Kg6
59.Rg5+ Kh6 60.Ne2 Ra2 61.Nd4 Ra4 62.Nf5+ Nxf5+ 63.Rxf5 Kg6 64.Kg4 Ra1 65.Rg5+ Kf6
66.Rb5 Rg1+ 67.Kf3 Rh1 68.Kg2 Ra1 69.h4 Ra3 70.Rg5 Rb3 71.h5 Rb2+ 72.Kg3 Rb1
73.Ra5 Rg1+ 74.Kf2 Rh1 75.Kg2 Rh4 76.Kf3 Rh1 77.Rb5 Rf1+ 78.Ke3 Re1+ 79.Kf2 Rh1
80.Rc5 Rh3 81.Kg2 Rh4 82.Kf3 Rh1 83.h6 Kg6 84.Rc6+ Kf5 85.Kg2 Rh4 86.Kg3 Rh1
87.Ra6 Rg1+ 88.Kh2 Rg4 89.Ra5+ Kf6 90.Rh5 Rg8 91.Kh3 Rh8 92.h7 Kg7 93.Kg4 Kg6
94.Rh1 Kf6 95.f5 Kf7 96.Kg5 Kg7 97.f6+ Kf8 98.Kg6 Ke8 99.Re1+ Kf8 100.Re2  1-0

[Event "TCh-SUI 2013"]
[Site "Switzerland SUI"]
[Date "2013.04.28"]
[Round "2.6"]
[White "Gloor,R"]
[Black "Hindermann,F"]
[Result "1-0"]
[WhiteElo "2340"]
[BlackElo "2309"]

1.Nf3 d5 2.c4 c6 3.e3 Nf6 4.Nc3 a6 5.Be2 g6 6.O-O Bg7 7.d4 O-O 8.h3 b5 9.cxd5 cxd5
10.Ne5 e6 11.b3 Qe7 12.Bb2 Nfd7 13.f4 Bb7 14.a4 b4 15.Na2 a5 16.Nc1 f6 17.Nxd7 Nxd7
18.Bb5 Ba6 19.Nd3 Bxb5 20.axb5 Rfc8 21.Qe2 Qd6 22.Rfc1 Qb6 23.Nc5 Nf8 24.Na4 Qb7
25.b6 Nd7 26.Qb5 Bf8 27.Rxc8 Rxc8 28.Rc1 Rxc1+ 29.Bxc1 Qc8 30.Bb2 Bd6 31.b7 Qc7
32.Nc5 Nf8 33.Qe8 Qb6 34.Qc8 Kg7 35.Na6 Qb5 36.b8=Q Bxb8 37.Nxb8 Qd3 38.Qc7+ Kg8
39.Bc1 Qxb3 40.Nc6 Qc4 41.Kh2 a4 42.Bd2 a3 43.Bxb4 a2 44.Bxf8 Kxf8 45.Qe7+ Kg8
46.Nd8  1-0

[Event "48th Capablanca Open I 2013"]
[Site "Havana CUB"]
[Date "2013.04.29"]
[Round "8.25"]
[White "Leiva,G"]
[Black "Marrero Lopez,Yan"]
[Result "1/2-1/2"]
[WhiteElo "2388"]
[BlackElo "2311"]

1.Nf3 d5 2.c4 e6 3.d4 Nf6 4.Nc3 Be7 5.cxd5 exd5 6.Bf4 c6 7.Qc2 O-O 8.e3 Nh5
9.Be5 Nd7 10.Bd3 g6 11.O-O-O Nxe5 12.Nxe5 Ng7 13.Kb1 Bf5 14.g4 Bxd3 15.Nxd3 a5
16.f4 Bb4 17.h4 Bxc3 18.Qxc3 Qe7 19.Rh3 Qe4 20.Qc2 h5 21.Rg1 Kh7 22.Nc5 Qxc2+
23.Kxc2 hxg4 24.Rxg4 Rfe8 25.h5 gxh5 26.Nxb7 Re6 27.Rg5 Rg6 28.Rxg6 fxg6
29.Nc5 Nf5 30.Kd3 Kh6 31.Nd7 Ra7 32.Ne5 Rc7 33.Rh2 c5 34.dxc5 Rxc5 35.Rg2 Ne7
36.Rg1 Rb5 37.b3 a4 38.bxa4 Rb4 39.a5 Ra4 40.Kc3 Rxa5 41.Kb3 Ra6 42.a4 Nf5
43.Kb4 Nxe3 44.Kb5 Rf6 45.a5 Nc4 46.Nxc4 dxc4 47.Rf1 c3 48.a6 Rf5+ 49.Kb6  1/2-1/2

[Event "Nakhchivan Open A 2013"]
[Site "Nakhchivan AZE"]
[Date "2013.04.29"]
[Round "7.4"]
[White "Khismatullin,D"]
[Black "Iordachescu,V"]
[Result "1/2-1/2"]
[WhiteElo "2640"]
[BlackElo "2599"]

1.Nf3 d5 2.c4 c6 3.e3 Nf6 4.Nc3 g6 5.d4 Bg7 6.Bd3 O-O 7.O-O Nbd7 8.h3 dxc4
9.Bxc4 c5 10.d5 Nb6 11.Qe2 Nxc4 12.Qxc4 e6 13.dxe6 Bxe6 14.Qxc5 b6 15.Qb5 Qc8
16.Re1 Bc4 17.Qa4 Re8 18.Bd2 a6 19.Rac1 b5 20.Qd1 Qb7 21.b3 Bd3 22.Ne2 Be4
23.Ned4 Nd5 24.Qe2 h6 25.Qf1 Bf8 26.Nh2 g5 27.f3 Bg6 28.e4 Qb6 29.Qf2 Nb4
30.Rc3 Rac8 31.Rec1 Rxc3 32.Rxc3 Bg7 33.Be3 Qa5 34.Nf1  1/2-1/2

[Event "45th Italian Teams 2013"]
[Site "Bratto ITA"]
[Date "2013.04.30"]
[Round "5"]
[White "Ramondino,R"]
[Black "Bove,A"]
[Result "0-1"]
[WhiteElo "2209"]
[BlackElo "2358"]

1.Nf3 d5 2.c4 e6 3.d4 Nf6 4.g3 a6 5.Bg2 dxc4 6.Ne5 Bb4+ 7.Nc3 Nd5 8.Bd2 Nb6
9.e3 N8d7 10.Nxd7 Qxd7 11.Ne4 Be7 12.Qe2 Qb5 13.Bc3 Na4 14.O-O Bd7 15.Nd2 c5
16.Qxc4 Qxc4 17.Nxc4 Bb5 18.Rfc1 Bxc4 19.Bxb7 Bd5 20.Bxa8 Bxa8 21.dxc5 Nxc3
22.Rxc3 Kd7 23.Rd1+ Kc7 24.b4 Bc6 25.Rcd3 g5 26.f4 Rb8 27.a3 a5 28.bxa5 Ra8
29.Rc1 Rxa5 30.Rdc3 f5 31.Kf2 Bf6 32.Rb3 Bd5 33.Rd3 Bb2 34.Rcd1 Rxc5 35.fxg5 Bc1
36.h4 Rc2+ 37.Kg1 Kd6 38.g4 Ke5 39.gxf5 Kxf5 40.Rxd5+ exd5 41.Rxd5+ Kg4 42.Rd3 Kxh4
43.Rd7 Bxe3+ 44.Kf1 Kxg5 45.Rxh7 Kf4 46.Rf7+ Ke4 47.a4 Ra2 48.Rh7 Rxa4 49.Rh4+ Bf4
50.Ke2 Ra2+ 51.Ke1 Rb2 52.Rh3 Be3 53.Rh7 Kd3 54.Rd7+ Bd4 55.Kf1 Rf2+ 56.Ke1 Rf8
57.Rd5 Rf7 58.Rd8 Re7+ 59.Kd1 Re6 60.Rg8 Ra6 61.Rc8 Ra7 62.Rc6 Ra2 63.Rc8 Rd2+
64.Kc1 Rg2 65.Kb1 Rb2+ 66.Kc1 Rb7 67.Kd1 Rd7 68.Re8 Rd6 69.Ke1 Ra6 70.Kf1 Rg6
71.Re2 Rd6 72.Re5 Bc3 73.Re2 Kd4  0-1

[Event "45th Italian Teams 2013"]
[Site "Bratto ITA"]
[Date "2013.04.30"]
[Round "6"]
[White "Bove,A"]
[Black "Lucaroni,M"]
[Result "1/2-1/2"]
[WhiteElo "2358"]
[BlackElo "2277"]

1.Nf3 d5 2.c4 e6 3.g3 Nf6 4.Bg2 c5 5.cxd5 exd5 6.d4 Nc6 7.O-O Be7 8.Nc3 O-O
9.Be3 c4 10.Ne5 h6 11.Qc2 Nb4 12.Qa4 Bf5 13.Rac1 a6 14.a3 Nc2 15.Nxd5 Nxd5
16.Bxd5 Qxd5 17.Qxc4 Nxe3 18.fxe3 Be6 19.Qd3 Rac8 20.e4 Qb5 21.Qxb5 axb5
22.Kf2 Rxc1 23.Rxc1 Rc8 24.Rxc8+ Bxc8 25.b4 f6 26.Nf3 Kf7 27.Nd2 Bd6 28.Nb1 Be6
29.Nc3 Bc4 30.Kf3 h5 31.Kg2 g5 32.Kf2 Kg6 33.Kg2 h4 34.e3 Kh5 35.Kf3 h3 36.Nd1 Bd3
37.Nc3 Bb8 38.Nd5 Kg6 39.Ne7+ Kf7 40.Nd5 Bxe4+ 41.Kxe4 Bxg3 42.Kf3 Bxh2 43.Kg4 Ke6
44.e4 f5+ 45.Kxh3 fxe4 46.Nc3 Bg1 47.Nxb5 Kd5 48.Nc3+ Kc4 49.Nxe4  1/2-1/2

[Event "45th Italian Teams 2013"]
[Site "Bratto ITA"]
[Date "2013.04.30"]
[Round "6"]
[White "Stella,A"]
[Black "De Eccher,S"]
[Result "1-0"]
[WhiteElo "2477"]
[BlackElo "2241"]

1.Nf3 d5 2.c4 c6 3.g3 Nf6 4.Bg2 Bf5 5.cxd5 cxd5 6.Qb3 Qc8 7.Nc3 e6 8.d3 Nc6
9.O-O Be7 10.Bf4 O-O 11.Rac1 Nd7 12.Na4 Bf6 13.Bd6 Rd8 14.Rfe1 e5 15.e4 dxe4
16.dxe4 Be6 17.Qe3 b5 18.Nc3 Nb6 19.Nxb5 Qd7 20.Bc7 Rdc8 21.Bxb6 axb6 22.Rcd1 Qe7
23.a3 Na5 24.Nc3 Nc4 25.Qe2 Nxa3 26.Nd5 Bxd5 27.exd5 Nc2 28.d6 Qd7 29.Nxe5 Bxe5
30.Bxa8 Nxe1 31.Qxe5 Rxa8 32.Rxe1 Kf8 33.Qd5 Re8 34.Rxe8+ Kxe8 35.Qa8+ Qd8
36.Qc6+ Kf8 37.h4 h5 38.Qc7 Ke8 39.Qc6+ Kf8 40.b4 f6 41.b5 Kf7 42.Qd5+ Kf8
43.Kf1 Qd7 44.Qc6 Qd8 45.Ke2 g6 46.Kd3 Kf7 47.Qc7+ Ke8 48.Qxd8+ Kxd8 49.Ke4  1-0

[Event "Llucmajor Open 2013"]
[Site "Llucmajor ESP"]
[Date "2013.04.30"]
[Round "3.6"]
[White "Savchenko,S"]
[Black "Sudakova,I"]
[Result "1-0"]
[WhiteElo "2487"]
[BlackElo "2340"]

1.Nf3 d5 2.c4 e6 3.d4 c6 4.e3 Nd7 5.b3 Ngf6 6.Bd3 dxc4 7.bxc4 e5 8.Nbd2 Bd6
9.O-O O-O 10.Qc2 h6 11.Bb2 Qe7 12.Ne4 Nxe4 13.Bxe4 exd4 14.exd4 Nf6 15.Bd3 Qc7
16.Rfe1 b5 17.cxb5 cxb5 18.Qxc7 Bxc7 19.Ba3 Ba5 20.Bxf8 Bxe1 21.Rxe1 Kxf8
22.Bxb5 Be6 23.a4 Rc8 24.h3 a5 25.Ne5 Rc2 26.Nc6 Bd7 27.Nxa5 Bxb5 28.axb5 Rb2
29.Re5 Nd7 30.Rd5 Ke7 31.Nc4 Rb1+ 32.Kh2 Ke6 33.Rd6+ Ke7 34.b6 Rc1 35.Rc6 Nxb6
36.Ne5 Rxc6 37.Nxc6+ Kd6 38.Ne5 Kd5 39.Nxf7 Kxd4 40.g4 Kd5 41.Kg3 Ke6 42.Nd8+ Kd7
43.Nb7 Nd5 44.f4 Kc6 45.Na5+ Kb5 46.Nb3 Kc4 47.Nc1 g5 48.f5 Kd4 49.Kf3 Nf6
50.Nb3+ Kd5 51.Nd2 h5 52.Nf1 hxg4+ 53.hxg4 Kd4 54.Nd2 Kd3 55.Nb3 Nd7 56.Na5 Ne5+
57.Kg3 Ke3 58.Nb7 Nf7 59.Nc5 Kd4 60.Ne6+ Ke5 61.Kf3 Nd6 62.Ng7 Kf6 63.Nh5+ Ke5
64.Ng3 Kd4 65.Nf1 Nc4 66.Kg3 Ke4 67.Nd2+ Nxd2 68.f6 Nf1+ 69.Kh3 Kd5  1-0

[Event "45th Italian Teams 2013"]
[Site "Bratto ITA"]
[Date "2013.05.01"]
[Round "7"]
[White "Garcia Palermo,C"]
[Black "De Filomeno,S"]
[Result "0-1"]
[WhiteElo "2460"]
[BlackElo "2336"]

1.Nf3 d5 2.c4 e6 3.g3 Nf6 4.Bg2 Be7 5.O-O O-O 6.b3 d4 7.e3 Nc6 8.exd4 Nxd4
9.Bb2 Bc5 10.Ne5 Qd6 11.Re1 a5 12.Nc3 Rd8 13.a3 Qb6 14.b4 axb4 15.Na4 Rxa4
16.Qxa4 b3 17.Rab1 c6 18.Re3 h5 19.Bxd4 Bxd4 20.Rbxb3 Qc7 21.Nf3 Bxe3 22.Rxe3 c5
23.Qa7 Rd6 24.Qa4 Bd7 25.Qa8+ Bc8 26.Qa4 Bd7 27.Qc2 Bc6 28.Ne5 Bxg2 29.Kxg2 Ng4
30.Nxg4 hxg4 31.d3 Ra6 32.Qb2 Qc6+ 33.Kg1 Rb6 34.Qc2 Ra6 35.Qb2 Rb6 36.Qc2 Qd7
37.Re1 Rd6 38.Rd1 Rd4 39.Qe2 Qa4 40.f3 gxf3 41.Qxf3 Rd7 42.Rb1 Qxa3 43.Rxb7 Qa8  0-1

[Event "46th ch-JPN"]
[Site "Tokyo JPN"]
[Date "2013.05.03"]
[Round "6.2"]
[White "Ikeda,J"]
[Black "Tang,Tang"]
[Result "1-0"]
[WhiteElo "2367"]
[BlackElo "1927"]

1.Nf3 d5 2.c4 e6 3.g3 Nf6 4.Bg2 Be7 5.O-O O-O 6.b3 c5 7.cxd5 Nxd5 8.Bb2 Nc6
9.d4 cxd4 10.Nxd4 Nxd4 11.Bxd4 Bd7 12.Nd2 b6 13.Nc4 Rc8 14.a4 b5 15.axb5 Bxb5
16.Rxa7 Bxc4 17.bxc4 Rxc4 18.Bxd5 exd5 19.Qa1 Bc5 20.Bxc5 Rxc5 21.Rd1 Qc8
22.Qd4 Rc2 23.Re7 Re8 24.Rxe8+ Qxe8 25.e3 Qe6 26.e4 h6 27.exd5 Qd6 28.Qe4 Rc8
29.Kg2 g6 30.Qd4 Rd8 31.Rd2 Rd7 32.h3 Rd8 33.Rd3 Rd7 34.Qe3 Kg7 35.Rd4 Rd8
36.Kh2 Rd7 37.Rh4 h5 38.Rd4 Rd8 39.Kg2 Rd7 40.g4 hxg4 41.hxg4 Rd8 42.Rd3 Rh8
43.f4 Rd8 44.Qd4+ Qf6 45.Qe5 g5 46.Qxf6+ Kxf6 47.Kf3 gxf4 48.Kxf4 Ke7 49.g5 Kd6
50.Kf5 Rg8 51.Rh3 Rg7 52.Rh5 Ke7 53.d6+ Kd7 54.Kf6 Rg6+ 55.Kxf7 Rxd6 56.g6 Rd1
57.Rf5 Re1 58.g7 Re7+ 59.Kg6 Re8 60.Kh7  1-0

[Event "Old Capital Open 2013"]
[Site "Veliko Tarnovo BUL"]
[Date "2013.05.03"]
[Round "4.5"]
[White "Kukov,V"]
[Black "Nevednichy,B"]
[Result "1-0"]
[WhiteElo "2387"]
[BlackElo "2213"]

1.Nf3 d5 2.c4 c6 3.e3 Nf6 4.Nc3 a6 5.d4 b5 6.b3 Bg4 7.Bd3 Nbd7 8.O-O e6 9.Qc2 Bh5
10.e4 dxe4 11.Nxe4 Bg6 12.Nxf6+ gxf6 13.Re1 Bb4 14.Bd2 Bxd2 15.Qxd2 bxc4
16.bxc4 Rb8 17.Rad1 Bxd3 18.Qxd3 Rb2 19.Qa3 Qb6 20.c5 Qb5 21.d5 cxd5 22.c6 Ne5
23.Nxe5 fxe5 24.Rc1 Qb4 25.Qxa6 Qb6 26.Qc8+ Qd8 27.Qa6 Qb6 28.Qxb6 Rxb6 29.Rxe5 Ke7
30.Rh5 Kd6 31.c7 Rc8 32.g3 Rc6 33.Rxc6+ Kxc6 34.Rxh7 Rxc7 35.Rh8 Kd6 36.h4 Ke7
37.h5 d4 38.h6 Rc5 39.g4 Rg5 40.f3 Rg6 41.a4 e5 42.h7 Rh6 43.g5 Rh5 44.g6 d3
45.Kf2 Rh2+ 46.Ke1  1-0

[Event "Asian Zonal 3.1 2013"]
[Site "Doha QAT"]
[Date "2013.05.04"]
[Round "1.4"]
[White "Faraj,Y"]
[Black "Al Sayed,Mohamad"]
[Result "0-1"]
[WhiteElo "2264"]
[BlackElo "2502"]

1.Nf3 d5 2.c4 c6 3.e3 Nf6 4.d4 Bg4 5.Qb3 Qb6 6.Ne5 Bf5 7.c5 Qc7 8.Bd3 Bxd3
9.Qxd3 e6 10.Nf3 Nbd7 11.O-O e5 12.Qe2 e4 13.Nfd2 b6 14.cxb6 axb6 15.Nc3 Bd6
16.f4 O-O 17.Nb3 Qb7 18.Bd2 Be7 19.Rfb1 Ne8 20.a4 Nd6 21.Be1 f5 22.Ra2 c5
23.Rba1 Qc6 24.dxc5 bxc5 25.Qd1 Nf6 26.Bh4 Nc4 27.Bxf6 Nxe3 28.Qe2 Bxf6 29.Qxe3 d4
30.Qe2 c4 31.Nd2 dxc3 32.Nxc4 cxb2 33.Nxb2 Rab8 34.Rd1 Rfc8 35.a5 Rb4 36.Rf1 h6
37.Kh1 Kh7 38.Nd1 Bd4 39.Ne3 Qe6 40.Rc2 Ra4 41.Rxc8 Qxc8 42.Qb5 Ra2 43.Nxf5 Qc2
44.Nh4 e3 45.Qe8 e2 46.Re1 Ra1 47.Nf3 Rxe1+ 48.Nxe1 Qd2 49.Qe4+ g6 50.Qe7+ Bg7
51.Qh4 Qxa5 52.h3 Qa1 53.Kh2 Bf6 54.Qf2 Bc3 55.Qxe2 Qxe1 56.Qd3 h5  0-1

[Event "31st Liechtenstein Open 2013"]
[Site "Triesen LIE"]
[Date "2013.05.04"]
[Round "2.6"]
[White "Izsak,Gyu"]
[Black "Kuhn,Th"]
[Result "1-0"]
[WhiteElo "2445"]
[BlackElo "2158"]

1.Nf3 d5 2.c4 c6 3.e3 Nf6 4.d4 Bg4 5.Nbd2 Nbd7 6.Qc2 e6 7.Bd3 Bd6 8.O-O Rc8
9.c5 Bb8 10.b4 Qc7 11.Bb2 Bxf3 12.Nxf3 Ng4 13.g3 f5 14.Ng5 Nf8 15.Nxe6 Qf7
16.Bxf5 Nh6 17.Nxg7+ Kd8 18.Bxc8 Kxc8 19.e4 Qxg7 20.exd5 cxd5 21.Bc1  1-0

[Event "Oceania Open zt 2013"]
[Site "Nadi FIJ"]
[Date "2013.05.06"]
[Round "3.2"]
[White "Bjelobrk,I"]
[Black "Safarian,Al"]
[Result "1-0"]
[WhiteElo "2329"]
[BlackElo "2011"]

1.Nf3 d5 2.c4 c6 3.cxd5 cxd5 4.d4 Nf6 5.Nc3 g6 6.Bf4 Nc6 7.e3 a6 8.h3 Bg7
9.Bd3 O-O 10.O-O b5 11.a3 Bb7 12.b4 Rc8 13.Qb3 Na7 14.Rfd1 e6 15.Nd2 Qb6
16.Be5 Ne8 17.Bxg7 Kxg7 18.Qc2 Nd6 19.Nb3 Nc4 20.Nc5 Bc6 21.a4 Ra8 22.a5 Qd8
23.Nxa6 Nc8 24.Nc5 N8d6 25.Nb1 Qg5 26.Nd2 Nxd2 27.Qxd2 Nc4 28.Bxc4 dxc4 29.e4 Qf6
30.Qe3 Rfd8 31.Ra2 Ra7 32.Ra3 Qe7 33.Qc1 Qh4 34.Rf3 Qe7 35.Qe3 Rd6 36.Rg3 Ra8
37.Rd2 Rad8 38.Qc3 Kh8 39.e5 Rd5 40.Ne4 Kg7 41.Nf6 Ra8 42.h4 Rdd8 43.h5 Rh8
44.Re2 Rad8 45.Ree3 Qa7 46.Rg4 Kf8 47.Rh3 Ke7 48.Qe3 Rc8 49.Rgh4 Qa8 50.Qg5 Bxg2
51.Nd5+ Kf8 52.Qe7+ Kg7 53.h6+  1-0

[Event "Tschaturanga Open 2013"]
[Site "Vienna AUT"]
[Date "2013.05.06"]
[Round "1.5"]
[White "Schneider Zinner,H"]
[Black "Mayrhuber,Tobias"]
[Result "1-0"]
[WhiteElo "2370"]
[BlackElo "1859"]

1.Nf3 d5 2.c4 c6 3.d4 Nf6 4.Nbd2 Nbd7 5.e3 e6 6.Bd3 Be7 7.O-O O-O 8.b3 b6
9.Bb2 Bb7 10.Rc1 c5 11.Qc2 Re8 12.cxd5 exd5 13.dxc5 bxc5 14.e4 dxe4 15.Nxe4 Bxe4
16.Bxe4 Nxe4 17.Qxe4 Bg5 18.Qg4 Re2 19.Nxg5 Rxb2 20.Rcd1  1-0

[Event "Oceania Open zt 2013"]
[Site "Nadi FIJ"]
[Date "2013.05.07"]
[Round "5.1"]
[White "Bjelobrk,I"]
[Black "Tan,Ju2"]
[Result "0-1"]
[WhiteElo "2329"]
[BlackElo "2249"]

1.Nf3 d5 2.c4 e6 3.g3 dxc4 4.Qa4+ Nd7 5.Qxc4 a6 6.a4 b5 7.Qc6 Rb8 8.Qc2 Bb7
9.Bg2 Ngf6 10.d3 Bd6 11.axb5 axb5 12.Nc3 O-O 13.O-O e5 14.Bg5 Nc5 15.Nd2 Bxg2
16.Kxg2 Ne6 17.Nce4 Nxg5 18.Nxg5 Ng4 19.Nge4 f5 20.Nxd6 cxd6 21.Ra7 Kh8 22.Qc7 Qf6
23.h3 Nh6 24.Rc1 Nf7 25.Qe7 Qh6 26.Rc2 Ng5 27.Rd7 Rbe8 28.Qxd6 Qxh3+ 29.Kg1 f4
30.gxf4 Rxf4 31.Nf1 Qg4+  0-1

[Event "VIII American Continental 2013"]
[Site "Cochabamba BOL"]
[Date "2013.05.08"]
[Round "2.19"]
[White "Aguilar,Luis Miguel"]
[Black "Perez Garcia,Rodn"]
[Result "0-1"]
[WhiteElo "1903"]
[BlackElo "2381"]

1.Nf3 d5 2.c4 c6 3.g3 Nf6 4.Bg2 dxc4 5.Qc2 b5 6.a4 Bb7 7.b3 cxb3 8.Qxb3 a6
9.Ba3 Nbd7 10.Nc3 e6 11.Bxf8 Nxf8 12.O-O N8d7 13.Nd4 Qb6 14.axb5 cxb5 15.Bxb7 Qxb7
16.Qb4 Rd8 17.Ndxb5 axb5 18.Nxb5 Qb6 19.Ra6 Qc5 20.Nd6+ Ke7 21.Qh4 Nb8 22.d4 Qb4
23.Ra7+ Rd7 24.Rxd7+ Nxd7 25.Ne4 Qxd4 26.Nxf6 Qxh4 27.Nd5+ Kd6 28.gxh4 Kxd5
29.Ra1 Rc8 30.Ra7 Kd6 31.Kg2 h5 32.Kg3 Rc7 33.Ra5 Nf6 34.f3 e5 35.Ra6+ Rc6
36.Ra7 Ke6 37.e4 Rd6 38.Rb7 Nd7 39.Ra7 Nf8 40.Ra8 Ng6 41.Rb8 Nf4 42.Kf2 Rd2+
43.Kg1 g6 44.Rb6+ Ke7 45.Rb5 Kf6 46.Rb6+ Kg7 47.Rb5 Ng2 48.Rb1 Nxh4 49.Rf1 Ng2
50.Rf2 Rxf2 51.Kxf2 Nf4 52.h4 f5 53.exf5 gxf5 54.Kg3 Kf6 55.Kf2 Ng6 56.Kg3 f4+
57.Kh2  0-1

[Event "Tschaturanga Open 2013"]
[Site "Vienna AUT"]
[Date "2013.05.08"]
[Round "3.4"]
[White "Sadilek,M"]
[Black "Froewis,G"]
[Result "0-1"]
[WhiteElo "2190"]
[BlackElo "2415"]

1.Nf3 d5 2.c4 e6 3.d4 Nf6 4.Nc3 c6 5.Bg5 h6 6.Bh4 dxc4 7.e4 g5 8.Bg3 b5 9.Qc2 Bb7
10.Be2 Nbd7 11.O-O Qb6 12.Rad1 a6 13.Ne5 Rg8 14.d5 Nxe5 15.Bxe5 Nd7 16.Bg3 cxd5
17.exd5 O-O-O 18.b3 f5 19.dxe6 Qxe6 20.Rfe1 f4 21.Bxc4 Qg6 22.Bd3 Qc6 23.Be4 Qc7
24.Bxb7+ Kxb7 25.Qe4+ Qc6 26.Nd5 fxg3 27.hxg3 Rg6 28.b4 Rd6 29.Qf3 Nb6  0-1

[Event "II Maremma Open"]
[Site "Grosseto ITA"]
[Date "2013.05.09"]
[Round "1"]
[White "Zimina,O"]
[Black "Pacini,Ermanno"]
[Result "1-0"]
[WhiteElo "2334"]
[BlackElo "1869"]

1.Nf3 d5 2.c4 c6 3.g3 Nf6 4.Bg2 Bf5 5.cxd5 cxd5 6.Qb3 Qb6 7.Qxb6 axb6 8.Nc3 Nc6
9.Nb5 Ra5 10.Nbd4 Bg6 11.O-O e6 12.d3 Nxd4 13.Nxd4 Be7 14.Bd2 Rc5 15.h3 Nd7
16.Bb4 Rc8 17.Rfc1 Nc5 18.Nb5 Kd7 19.Bc3 f6 20.f4 Rhe8 21.Bd4 Bf8 22.Bf2 Red8
23.g4 Be8 24.b4 Na4 25.a3 Ke7 26.Nd4 Bd7 27.e4 dxe4 28.Bxe4 Rb8 29.Bxh7 Be8
30.Be4 Rd7 31.Rc2 g6 32.Re1 Rbd8 33.Nxe6  1-0